The great shark escape / (Record no. 7446)

MARC details
000 -LEADER
fixed length control field 00916nam a22003137a 4500
001 - CONTROL NUMBER
control field 7446
003 - CONTROL NUMBER IDENTIFIER
control field FISKH
005 - DATE AND TIME OF LATEST TRANSACTION
control field 20250716101004.0
008 - FIXED-LENGTH DATA ELEMENTS--GENERAL INFORMATION
fixed length control field 250716b cb ||||| |||| 00| 0 eng d
020 ## - INTERNATIONAL STANDARD BOOK NUMBER
International Standard Book Number 9780439204217
040 ## - CATALOGING SOURCE
Original cataloging agency FISKH
Language of cataloging eng
Transcribing agency FISKH
Modifying agency FISKH
050 ## - LIBRARY OF CONGRESS CALL NUMBER
Classification number QL638 .J74
082 ## - DEWEY DECIMAL CLASSIFICATION NUMBER
Classification number 597.3
100 ## - MAIN ENTRY--PERSONAL NAME
Personal name Johnston, Jennifer
245 ## - TITLE STATEMENT
Title The great shark escape /
Statement of responsibility, etc. By Jennifer Johnston : Illustrated by Ted Enik
260 ## - PUBLICATION, DISTRIBUTION, ETC.
Place of publication, distribution, etc. New York :
Name of publisher, distributor, etc. Scholastic,
Date of publication, distribution, etc. 2000.
300 ## - PHYSICAL DESCRIPTION
Extent 85 pages :
Other physical details illustrations ;
Dimensions 19 cm .
490 ## - SERIES STATEMENT
Series statement The magic school bus
505 ## - FORMATTED CONTENTS NOTE
Formatted contents note N <br/>
520 ## - SUMMARY, ETC.
Summary, etc. Miss Frizzle's class travel under the ocean.
521 8# - TARGET AUDIENCE NOTE
Target audience note 580 <br/>
Source Lexile <br/>
521 8# - TARGET AUDIENCE NOTE
Target audience note N <br/>
Source Raz-Plus <br/>
650 ## - SUBJECT ADDED ENTRY--TOPICAL TERM
Topical term or geographic name entry element Magic School Bus
Form subdivision Fiction
650 ## - SUBJECT ADDED ENTRY--TOPICAL TERM
Topical term or geographic name entry element Children
Form subdivision Fiction
700 ## - ADDED ENTRY--PERSONAL NAME
Personal name Koblish, Peter
Relator term Designer
700 ## - ADDED ENTRY--PERSONAL NAME
Personal name Enik, Ted
Relator term Illustrator
942 ## - ADDED ENTRY ELEMENTS (KOHA)
Source of classification or shelving scheme Dewey Decimal Classification
Koha item type Books
Suppress in OPAC No
Holdings
Withdrawn status Lost status Source of classification or shelving scheme Damaged status Not for loan Collection Home library Current library Shelving location Date acquired Total Checkouts Full call number Barcode Date last seen Price effective from Koha item type
    Dewey Decimal Classification     Fiction Footprints International School Library Network Toul Tom Poung Campus Footprints International School Library Network Toul Tom Poung Campus TK Primary Library Room(4th Floor), Bookcase 3&4, Shelves 17-32, Yellow Books 07/16/2025   JOH 597.3 QL638 .J74 FIS00141 07/16/2025 07/16/2025 Books